| 000 | 01233nam a2200337 i 4500 | ||
|---|---|---|---|
| 003 | DO-SdBNP | ||
| 005 | 20250723104538.0 | ||
| 007 | ta | ||
| 008 | 250714b1996 dr a|||| |||| 00| 0 spa d | ||
| 020 | _a976815606X | ||
| 040 |
_aDO-SdBNP _bspa _cBNPHU _erda |
||
| 041 | _aspa | ||
| 082 | 4 |
_axxx _bA333i _222 |
|
| 100 |
_aAlbert Batista, Celsa, _d1942- _eautor _4aut. _930639 |
||
| 245 | 4 | 4 |
_aLas ideas educativas de José Martí / _cCelsa Albert Batista ; prólogo, María Filomena González Canalda |
| 250 | _aCuarta edición | ||
| 264 | 1 |
_a Santo Domingo : _bUniversidad Católica Santo Domingo, _c1996. |
|
| 300 |
_a205 páginas : _bilustraciones ; _c21 cm. |
||
| 336 |
_atexto _btxt _2rdacontent |
||
| 337 |
_asin mediación _bn _2rdamedia |
||
| 338 |
_avolumen _bnc _2rdacarrier |
||
| 500 | _aIncluye datos biográficos del autor en las solapas | ||
| 504 | _aBibliografía : páginas 199-205 | ||
| 586 | _aPremio Internacional UNESCO José Matí 1995. | ||
| 590 | _aInventariado, 2025/BT | ||
| 600 | 1 | 0 |
_aMartí, José, _d1853-1895 _9645 |
| 650 | 4 |
_aFilosofía de la educación _zAmérica Latina _954255 |
|
| 700 | 1 |
_aGonzález Canalda, María Filomena, _eprologuista _4pr. _940799 |
|
| 910 | _aBtavárez | ||
| 942 |
_2ddc _cLBS1 |
||
| 999 |
_c59535 _d59535 |
||